| Tag |
First Indicator |
Second Indicator |
Subfields |
| LEADER |
00000cam a22000008a 4500 |
| 001 |
in00001171135 |
| 005 |
20151001074626.0 |
| 008 |
931019s1993 dcuab b f000 0 eng |
| 010 |
|
|
|a gp 94069105
|
| 010 |
|
|
|a 93023656
|
| 035 |
|
|
|a (OCoLC)29319597
|
| 035 |
|
|
|9 AGE9299AM
|
| 040 |
|
|
|d GPO
|d DLC
|d UtOrBLW
|
| 043 |
|
|
|a n-us-ms
|
| 074 |
|
|
|a 0620-A
|
| 086 |
0 |
|
|a I 19.4/2:1120-C
|
| 100 |
1 |
|
|a Goolsby, D. A.
|
| 245 |
1 |
0 |
|a Occurrence and transport of agricultural chemicals in the Mississippi River basin, July through August 1993 /
|c by Donald A. Goolsby, William A. Battaglin, and E. Michael Thurman.
|
| 264 |
|
1 |
|a [Washington, DC] :
|b U.S. G.P.O.,
|c 1993.
|
| 300 |
|
|
|a v, 22 pages :
|b illustrations, maps ;
|c 28 cm.
|
| 336 |
|
|
|a text
|b txt
|2 rdacontent
|
| 337 |
|
|
|a unmediated
|b n
|2 rdamedia
|
| 338 |
|
|
|a volume
|b nc
|2 rdacarrier
|
| 490 |
1 |
|
|a U.S. Geological Survey circular ;
|v 1120-C
|
| 490 |
1 |
|
|a Floods in the upper Mississippi River basin, 1993
|
| 500 |
|
|
|a "U.S. Department of the Interior, U.S. Geological Survey"--Title page verso.
|
| 500 |
|
|
|a Shipping list number 93-662-P.
|
| 504 |
|
|
|a Includes bibliographical references (pages 21-22).
|
| 650 |
|
0 |
|a Agricultural chemicals
|x Environmental aspects
|z Mississippi River Watershed.
|
| 650 |
|
0 |
|a Water
|x Pollution
|z Mississippi River Watershed.
|
| 700 |
1 |
|
|a Battaglin, William A.
|
| 700 |
1 |
|
|a Thurman, E. M.
|q (Earl Michael),
|d 1946-
|
| 710 |
2 |
|
|a Geological Survey (U.S.)
|
| 830 |
|
0 |
|a U.S. Geological Survey circular ;
|v 1120-C.
|
| 830 |
|
0 |
|a Floods in the upper Mississippi River basin, 1993.
|
| 999 |
|
|
|a MARS
|
| 999 |
f |
f |
|s ab71cd10-945a-369a-a79d-1fcd753ffb17
|i fe93366d-56c0-34bc-8204-35937f6e8f94
|t 0
|
| 952 |
f |
f |
|p normal
|a Texas A&M University
|b College Station
|c Sterling C. Evans Library
|d Evans: US Documents (Annex 5th floor)
|t 0
|e I 19.4/2:1120A-1120L
|h Superintendent of Documents classification
|i unmediated -- volume
|m A14824466518
|
| 952 |
f |
f |
|a Texas A&M University
|b College Station
|c Sterling C. Evans Library
|d Evans: US Documents (Annex 5th floor)
|t 0
|e I 19.4/2:1120-C
|h Superintendent of Documents classification
|
| 952 |
f |
f |
|a Texas A&M University
|b College Station
|c Sterling C. Evans Library
|d Evans: US Documents (Annex 5th floor)
|t 0
|e I 19.4/2:1120A-1120L
|h Superintendent of Documents classification
|
| 998 |
f |
f |
|a I 19.4/2:1120-C
|t 0
|l Evans: US Documents (Annex 5th floor)
|
| 998 |
f |
f |
|a I 19.4/2:1120A-1120L
|t 0
|l Evans: US Documents (Annex 5th floor)
|